000 00713nam a2200253 i 4500
001 C2-0129183
003 PPAK
005 20180727121140.0
008 970927s1994 my a|||| ||||| | eng d
020 _a9838650900
040 _aPPAK
_beng
_cPPAK
_erda
082 0 4 _a428.6
_223
090 0 0 _a428.6
_bPRI
_dK
245 0 4 _aThe princess who could not speak
264 1 _aKuala Lumpur :
_bPerfect Frontier Sdn. Bhd. ,
_c1994
300 _a22 pages :
_billustrations ;
_c21 cm
336 _2rdacontent
_atext
337 _2rdamedia
_aunmediated
338 _2rdacarrier
_avolume
490 1 _aNew reading materials series B
650 1 0 _aReaders
830 0 _aNew reading materials series B
942 _ddc
_cB
999 _c39278
_d39278